| 000 | 00445nam a22001577a 4500 | ||
|---|---|---|---|
| 999 |
_c1562 _d1562 |
||
| 008 | 150602b xxu||||| |||| 00| 0 eng d | ||
| 020 | _a0201812606 | ||
| 050 | _aQA 445 .C54 1994 | ||
| 100 | _aClemens,Stanley R. | ||
| 245 |
_aGeometry/ _cClemens, Stanley R. |
||
| 260 |
_aLondon: _bAddison-Wesley, _c1994. |
||
| 300 |
_a726p.: _bill.; [some col] _c24 cm. |
||
| 504 | _aIncludes index. | ||
| 650 | _aGeometry. | ||
| 700 | _aO'Daffer, Phares G. | ||
| 700 | _aCooney, Thomas J. | ||
| 700 | _aDossey, John A. | ||
| 942 |
_2lcc _cBOOKS _hQA 445 .C54 1994 |
||